| 000 | 01119nam a2200253 i 4500 | ||
|---|---|---|---|
| 001 | 50949 | ||
| 003 | ES-MaACL | ||
| 005 | 20230906162251.0 | ||
| 007 | t| | ||
| 008 | 030807s1963 sp ||||1| spa d | ||
| 111 | 2 |
_aCertamen Nacional de Cuentos ( _n2º. _d1962) _962 |
|
| 245 | 1 | 0 |
_aCuentos premiados : _bSegundo Certamen Nacional 1962 / _corganizado por Diario regional de Valladolid y patrocinado por la Caja de Ahorros y M. de P. de Salamanca ; [ilustraciones de Félix López]. |
| 260 |
_aSalamanca : _b[s.n.], _c1963 ( _fGráf. Cervantes) |
||
| 300 |
_a91 p. : _bil. ; _c17 cm. |
||
| 505 | 8 | _aContiene: Se abrieron las puertas del silencio / Jesús Torbado . El caballo de Enrique García Guerreira / Gil de Jesús Díiez Saiz | |
| 586 | _a2º Certamen Nacional de Cuentos, 1962 | ||
| 650 | 4 |
_aCuentos españoles- _yS.XX. _911487 |
|
| 700 | 1 |
_aLopez, Félix. _973326 |
|
| 700 | 1 |
_aTorbado, Jesús. _9110622 |
|
| 700 | 1 |
_aDíez Saiz, Gil de Jesús. _944768 |
|
| 710 | 2 |
_aDiario Regional de Valladolid. _93387 |
|
| 710 | 2 |
_aCaja de Ahorros y Monte de Piedad de Salamanca. _92323 |
|
| 852 |
_aES-MaACL _jC-26511 |
||
| 999 |
_c50949 _d50949 |
||